000
00312nam a2200109Ia 4500
008
180305s9999 xx 000 0 und d
020
_a
789732696
100
_a
Rinehart, Wilda
245
_c
Wilda Rinehart, Diann Sloan, Clara Hurd
_a
Exam Cram NCLEX-RN/
260
_a
USA
_b
Que Pub.
_c
2005
300
_a
xii, 633 Pages
999
_c
356084
_d
356084